| 000 | 01170nam a22003251i 4500 | ||
|---|---|---|---|
| 001 | bslw10113063 | ||
| 005 | 20240305165702.0 | ||
| 006 | m o d | ||
| 007 | cr un ---uuuua | ||
| 008 | 231229s2023 sp ob 000 0 spa d | ||
| 020 | _a9788411701044 | ||
| 035 | _a41886 | ||
| 040 |
_aUtOrBLW _beng _erda _cUtOrBLW |
||
| 043 | _ae-sp--- | ||
| 050 | 4 |
_aKKT4666 _b.C33 2023 |
|
| 082 | 0 | 4 |
_a345.4605 _223 |
| 100 | 1 |
_aCaballero Pérez, Nieves Irene, _eauthor. |
|
| 245 | 1 | 3 |
_aLa realidad de la jurisdicción penal universal desde la perspectiva del Derecho internacional : _bEl ejercicio práctico de la jurisdicción universal en España / _cNieves Irene Caballero Pérez. |
| 264 | 1 |
_aMadrid : _bDykinson, S.L., _c2023. |
|
| 300 | _a1 online resource (300 pages) | ||
| 336 |
_atext _btxt _2rdacontent |
||
| 337 |
_acomputer _bc _2rdamedia |
||
| 338 |
_aonline resource _bcr _2rdacarrier |
||
| 504 | _aIncludes bibliographical references (pages 276-300). | ||
| 650 | 0 | _aUniversal jurisdiction. | |
| 650 | 0 | _aJurisdiction (International law) | |
| 650 | 0 |
_aCriminal jurisdiction _zSpain. |
|
| 856 | 4 | 0 | _uhttps://app.vlex.com/#/sources/41886 |
| 942 | _cRAA | ||
| 999 |
_c173471 _d173471 |
||